Thawrat al-fann al-tashkīlī (Record no. 50875)

MARC details
000 -LEADER
fixed length control field 00613cam a22002171 4500
001 - CONTROL NUMBER
control field ne 68003914
003 - CONTROL NUMBER IDENTIFIER
control field DLC
005 - DATE AND TIME OF LATEST TRANSACTION
control field 20260227111848.0
008 - FIXED-LENGTH DATA ELEMENTS--GENERAL INFORMATION
fixed length control field 860128s1966 ua a 000 0 arar
010 ## - LIBRARY OF CONGRESS CONTROL NUMBER
LC control number ne 68003914
020 ## - INTERNATIONAL STANDARD BOOK NUMBER
Terms of availability £E0.35
035 ## - SYSTEM CONTROL NUMBER
System control number (OCoLC)13073487
040 ## - CATALOGING SOURCE
Original cataloging agency DLC
Transcribing agency TxU
Modifying agency TxU
-- DLC
042 ## - AUTHENTICATION CODE
Authentication code premarc
050 00 - LIBRARY OF CONGRESS CALL NUMBER
Classification number N7381
Item number .M8
100 1# - MAIN ENTRY--PERSONAL NAME
Personal name Muṣṭafā, Muḥammad ʻIzzat.
245 10 - TITLE STATEMENT
Title Thawrat al-fann al-tashkīlī
Statement of responsibility, etc. [taʼlīf] Muḥammad ʻIzzat Muṣṭafá.
260 ## - PUBLICATION, DISTRIBUTION, ETC.
Place of publication, distribution, etc. [al-Qāhirah]
Name of publisher, distributor, etc. Dār al-Qalam
Date of publication, distribution, etc. [1966]
300 ## - PHYSICAL DESCRIPTION
Extent 125 p.
Other physical details illus.
Dimensions 24 cm.
650 #0 - SUBJECT ADDED ENTRY--TOPICAL TERM
Topical term or geographic name entry element Art, Egyptian.

No items available.

Powered by Koha